[Event "GBR-ch Major op 109th"]
[Site "Leicester"]
[Date "2023.07.27"]
[Round "6"]
[White "Lee, Alexandre KM"]
[Black "Mikalajunas, Kajus"]
[Result "0-1"]
[WhiteElo "1693"]
[BlackElo "1881"]
[PlyCount "96"]
[EventDate "2023.07.22"]
[EventType "swiss"]
[EventRounds "9"]
[EventCountry "ENG"]
[SourceTitle "EXT 2024"]
[Source "ChessBase"]
[SourceDate "2023.10.10"]
[SourceVersion "1"]
[SourceVersionDate "2023.10.10"]
[SourceQuality "1"]

1. e4 d5 2. exd5 Nf6 3. Nf3 Qxd5 4. Be2 Bg4 5. d4 Nc6 6. Be3 0-0-0 7. Nbd2 e5 8. c4 Qa5 9. d5 Bxf3 10. Bxf3 Nd4 11. 0-0 Nxf3+ 12. Nxf3 Bd6 13. a3 Qa6 14. Qc2 Rde8 15. b4 e4 16. Nd4 Ng4 17. h3 Nxe3 18. fxe3 Be5 19. Ra2 Qg6 20. Qf2 Bxd4 21. exd4 e3 22. Qf3 Qd3 23. Re2 Qxc4 24. Rfe1 Qxd4 25. Rxe3 Rxe3 26. Rxe3 Re8 27. Kf2 Qd2+ 28. Re2 Rxe2+ 29. Qxe2 Qxe2+ 30. Kxe2 Kd7 31. Kd3 Kd6 32. Ke4 b5 33. g4 g6 34. g5 Ke7 35. Ke5 f5 36. gxf6+ Kf7 37. Kd4 Kxf6 38. Kc5 a6 39. Kc6 Ke5 40. Kxc7 Kxd5 41. Kb6 g5 42. Kxa6 Kc6 43. a4 bxa4 44. b5+ Kc7 45. Ka7 a3 46. b6+ Kc6 47. b7 a2 48. b8Q a1Q# 0-1

[Event "GBR-ch Major op 109th"]
[Site "Leicester"]
[Date "2023.07.25"]
[Round "4"]
[White "Lee, Alexandre KM"]
[Black "Patel, Zain"]
[Result "1/2-1/2"]
[WhiteElo "1693"]
[BlackElo "1910"]
[PlyCount "129"]
[EventDate "2023.07.22"]
[EventType "swiss"]
[EventRounds "9"]
[EventCountry "ENG"]
[SourceTitle "EXT 2024"]
[Source "ChessBase"]
[SourceDate "2023.10.10"]
[SourceVersion "1"]
[SourceVersionDate "2023.10.10"]
[SourceQuality "1"]

1. e4 e5 2. Nf3 Nc6 3. Bc4 Nf6 4. d4 exd4 5. 0-0 Nxe4 6. Re1 d5 7. Bxd5 Qxd5 8. Nc3 Qh5 9. Nxe4 Be6 10. Neg5 0-0-0 11. Nxe6 fxe6 12. Ng5 Qxd1 13. Rxd1 Re8 14. Bd2 Bc5 15. Re1 e5 16. Re4 Re7 17. Nf3 Rhe8 18. Ne1 Nb8 19. Nd3 Bd6 20. Bg5 Re6 21. Rae1 h6 22. Bh4 g5 23. Bg3 Nd7 24. f3 Nf6 25. R4e2 e4 26. fxe4 Bxg3 27. hxg3 Rxe4 28. Rxe4 Rxe4 29. Rf1 Re6 30. Nc5 Rc6 31. Nb3 Rd6 32. Rd1 Ne4 33. Rxd4 Nxg3 34. Rxd6 cxd6 35. Nd4 Ne4 36. Kf1 Kd7 37. Ke2 d5 38. Ke3 h5 39. c4 Nf6 40. cxd5 Nxd5+ 41. Ke4 Nf4 42. Kf5 Nxg2 43. Kxg5 h4 44. Kg4 a6 45. Kh3 Nf4+ 46. Kxh4 Kd6 47. Kg3 Kd5 48. Nb3 Nd3 49. Kf3 Nxb2 50. Ke3 Na4 51. Kd2 b5 52. Kc2 Kc4 53. a3 Nc5 54. Nd2+ Kd4 55. Nb1 Nd3 56. Kb3 a5 57. Nc3 Nc5+ 58. Kc2 b4 59. axb4 axb4 60. Nb1 Ne4 61. Kb3 Kc5 62. Na3 Nd2+ 63. Kb2 b3 64. Nb1 Nxb1 65. Kxb3 1/2-1/2

[Event "Perth op"]
[Site "Perth"]
[Date "2023.01.07"]
[Round "9"]
[White "Stojic, Dusan"]
[Black "Lee, Alexandre KM"]
[Result "1-0"]
[WhiteElo "2219"]
[BlackElo "1558"]
[PlyCount "101"]
[EventDate "2023.01.02"]
[EventType "swiss"]
[EventRounds "11"]
[EventCountry "AUS"]
[SourceTitle "CBM 212 Extra"]
[Source "ChessBase"]
[SourceDate "2023.03.31"]
[SourceVersion "1"]
[SourceVersionDate "2023.03.31"]
[SourceQuality "1"]

1. Nf3 Nf6 2. c4 g6 3. b3 Bg7 4. Bb2 0-0 5. g3 d6 6. d4 Nbd7 7. Bg2 c5 8. 0-0 cxd4 9. Nxd4 Nc5 10. Nc3 a6 11. Qd2 Qc7 12. Rac1 Bd7 13. h3 Bc6 14. Nxc6 bxc6 15. b4 Nb7 16. a3 Rad8 17. Rfd1 Rfe8 18. Qc2 Ra8 19. Kh2 e6 20. b5 Na5 21. Na4 Rec8 22. b6 Qe7 23. b7 Qxb7 24. Rb1 Qc7 25. Bxf6 Bxf6 26. Nb6 Rab8 27. Nxc8 Rxc8 28. e3 Nb7 29. Qb3 Nc5 30. Qb6 Kg7 31. Qxc7 Rxc7 32. Rxd6 Be7 33. Rd2 Kf6 34. Rb6 h6 35. Kg1 Rb7 36. Rxb7 Nxb7 37. a4 Na5 38. Rd7 Bc5 39. Bxc6 Nxc6 40. Rc7 Bxe3 41. Rxc6 Bd4 42. Rxa6 Ke5 43. Rc6 Bc3 44. a5 Bd4 45. a6 f5 46. Kg2 g5 47. c5 Kd5 48. Rd6+ Kxc5 49. Rxd4 Kxd4 50. a7 Ke5 51. a8Q 1-0

[Event "Perth op"]
[Site "Perth"]
[Date "2023.01.03"]
[Round "3"]
[White "De Rooy, Samuel"]
[Black "Lee, Alexandre KM"]
[Result "0-1"]
[WhiteElo "1317"]
[BlackElo "1558"]
[PlyCount "86"]
[EventDate "2023.01.02"]
[EventType "swiss"]
[EventRounds "11"]
[EventCountry "AUS"]
[SourceTitle "CBM 212 Extra"]
[Source "ChessBase"]
[SourceDate "2023.03.31"]
[SourceVersion "1"]
[SourceVersionDate "2023.03.31"]
[SourceQuality "1"]

1. d4 Nf6 2. c4 g6 3. g3 Bg7 4. Bg2 0-0 5. e3 d6 6. Nf3 c6 7. Nc3 Qa5 8. 0-0 Qh5 9. Ne2 e5 10. dxe5 dxe5 11. Re1 Bg4 12. Nd2 Bh3 13. Bxh3 Qxh3 14. f3 Qe6 15. e4 Na6 16. Nc3 Rfd8 17. Qe2 Nb4 18. Nb3 Nd3 19. Rd1 Nxc1 20. Raxc1 b6 21. Rxd8+ Rxd8 22. Rd1 Rxd1+ 23. Qxd1 Qd7 24. Qxd7 Nxd7 25. Kf2 Bf8 26. Ke2 f6 27. h3 Kf7 28. Kd3 Ke6 29. g4 Be7 30. Ne2 Nf8 31. Ng3 Kd7 32. Nd2 Ne6 33. Nb3 Nf4+ 34. Ke3 Nxh3 35. a3 a5 36. a4 Bb4 37. Ke2 Nf4+ 38. Ke3 Be1 39. Ne2 Ng2+ 40. Kd3 Bf2 41. Nd2 h5 42. gxh5 gxh5 43. Nf1 Ne1+ 0-1

[Event "Pattaya op"]
[Site "Pattaya"]
[Date "2019.10.26"]
[Round "5"]
[White "Lee, Alexandre KM"]
[Black "Camhi, David"]
[Result "1-0"]
[WhiteElo "1195"]
[BlackElo "1562"]
[PlyCount "99"]
[EventDate "2019.10.23"]
[EventType "swiss"]
[EventRounds "9"]
[EventCountry "THA"]
[SourceTitle "CBM 195 Extra"]
[Source "ChessBase"]
[SourceDate "2020.05.31"]
[SourceVersion "1"]
[SourceVersionDate "2020.05.31"]
[SourceQuality "1"]

1. e4 c5 2. Nf3 d6 3. d4 cxd4 4. Nxd4 Nf6 5. Nc3 a6 6. Be2 e5 7. Nb3 Be6 8. Be3 Be7 9. g4 d5 10. exd5 Nxd5 11. Nxd5 Bxd5 12. Bf3 e4 13. Bg2 Nc6 14. 0-0 0-0 15. Nd4 Nxd4 16. Bxd4 Qa5 17. Bc3 Qb5 18. Re1 Rad8 19. Qe2 e3 20. Qxe3 Bxg2 21. Kxg2 Rfe8 22. Qe5 Qc6+ 23. Qe4 Qc8 24. Qf3 Bc5 25. Rad1 b5 26. a3 Rxe1 27. Rxe1 Qd7 28. Qe4 h6 29. h3 Bb6 30. Qe5 Qd5+ 31. Qxd5 Rxd5 32. Re8+ Kh7 33. Ra8 f5 34. Rxa6 Bc5 35. b4 fxg4 36. hxg4 Bd6 37. Kf3 h5 38. gxh5 Rf5+ 39. Kg2 Bf4 40. Ra7 Rg5+ 41. Kf3 Be5 42. Bxe5 Rxe5 43. Ra5 Rxh5 44. a4 Rf5+ 45. Ke2 Re5+ 46. Kf1 Re4 47. Rxb5 Rc4 48. a5 Rxc2 49. a6 Ra2 50. Ra5 1-0

[Event "Pattaya op"]
[Site "Pattaya"]
[Date "2019.10.24"]
[Round "3"]
[White "Lee, Alexandre KM"]
[Black "Karasmaki, Seppo"]
[Result "1/2-1/2"]
[WhiteElo "1195"]
[BlackElo "1673"]
[PlyCount "36"]
[EventDate "2019.10.23"]
[EventType "swiss"]
[EventRounds "9"]
[EventCountry "THA"]
[SourceTitle "CBM 195 Extra"]
[Source "ChessBase"]
[SourceDate "2020.05.31"]
[SourceVersion "1"]
[SourceVersionDate "2020.05.31"]
[SourceQuality "1"]

1. e4 d6 2. d4 Nf6 3. Nc3 g6 4. Nf3 Bg7 5. Bf4 c6 6. Qd2 b5 7. a3 a6 8. Be2 d5 9. exd5 cxd5 10. 0-0 Bg4 11. h3 Bxf3 12. Bxf3 e6 13. Rad1 0-0 14. Na2 Qb6 15. Nc1 Nfd7 16. Nb3 Rc8 17. c3 Nc6 18. Rfe1 Na5 1/2-1/2